000 00336nam a2200133Ia 4500
008 191014s9999 xx 000 0 und d
020 _a0-679-74049-X
082 _a523.18
_bLER
100 _aEric J.Lerner
_920300
245 4 _aThe Big Bang Never Happened
260 _aUSA
_bVintage Books
_c1992
300 _aXxiii,466
942 _cBK
999 _c530871
_d530871